[Event "Jugendweltmeisterschaft U16"]
[Site "Belfort (FRA)"]
[Date "2005.07.23"]
[Round "6"]
[White "Brener, Ilja"]
[Black "Vocaturo, Daniele"]
[Result "1-0"]
[WhiteElo "2316"]
[BlackElo "2372"]
[PlyCount "205"]
[EventDate "2005.07.18"]

1. d4 Nf6 2. Nf3 g6 3. g3 Bg7 4. Bg2 O-O 5. O-O d6 6. a4 Nbd7 7. a5 Rb8 8. d5
e5 9. dxe6 fxe6 10. a6 bxa6 11. Nd4 Qe8 12. Nb3 Nb6 13. Nc3 Nbd5 14. Nb1 Bb7
15. e4 Nb4 16. Nc3 Nc6 17. Be3 Nd7 18. Qe2 Nb6 19. h4 e5 20. Rfd1 Qf7 21. Nd5
Bc8 22. c4 Nxd5 23. cxd5 Rxb3 24. dxc6 Be6 25. Rdc1 Rfb8 26. Rc2 R8b4 27. Qxa6
Rxb2 28. Rxb2 Rxb2 29. Qb7 Ra2 30. Rxa2 Bxa2 31. Bxa7 Bf6 32. Qc8+ Kg7 33. Bb8
Be6 34. Qxc7 Qxc7 35. Bxc7 Be7 36. Ba5 Kf7 37. Bf1 Bc8 38. Bc4+ Ke8 39. Kf1 h5
40. Bd2 Bd8 41. Bg5 Bb6 42. f4 Bg4 43. Bf6 Bc7 44. Bd5 Kf8 45. Bg5 Bb6 46. Bc4
Ke8 47. Be2 Be6 48. Bb5 Bc7 49. Ke2 Bh3 50. Kd2 Bg2 51. Bd3 Ba5+ 52. Kc2 Bd8
53. Kc3 Bxg5 54. hxg5 exf4 55. gxf4 h4 56. f5 h3 57. c7 Kd7 58. fxg6 h2 59. g7
h1=Q 60. c8=Q+ Kxc8 61. g8=Q+ Kc7 62. Qf7+ Kb6 63. Qb3+ Kc7 64. Qc4+ Kd7 65.
Qf7+ Kc6 66. Qe8+ Kc7 67. Qf7+ Kb6 68. g6 Qe1+ 69. Kc2 Bxe4 70. Qb3+ Kc7 71.
Qf7+ Kb6 72. Bxe4 Qxe4+ 73. Kd2 Qg2+ 74. Ke1 Qg1+ 75. Ke2 Qg4+ 76. Ke3 Qg3+ 77.
Ke2 Qe5+ 78. Kf3 Qh5+ 79. Kf4 Kc6 80. Qf6 Qh2+ 81. Kg5 Qd2+ 82. Qf4 Qg2+ 83.
Kf6 Qb2+ 84. Kf7 Qb3+ 85. Kf8 Qb8+ 86. Kg7 Qb2+ 87. Kh7 Qb1 88. Qc4+ Kd7 89.
Qf7+ Kd8 90. Kg8 Qe4 91. g7 d5 92. Qh5 Ke7 93. Kh8 Qd4 94. Kh7 Qe4+ 95. Kh8 Qd4
96. Qg5+ Kf7 97. Qf5+ Ke7 98. Kh7 Qh4+ 99. Kg8 Qd4 100. Qf7+ Kd8 101. Qe6 Qd3
102. Kf7 Qh7 103. Kf8 1-0

[Event "Jugendweltmeisterschaft U14"]
[Site "Belfort (FRA)"]
[Date "2005.07.23"]
[Round "6"]
[White "Feller, Sebastien"]
[Black "Huschenbeth, Niclas"]
[Result "1-0"]
[WhiteElo "2282"]
[BlackElo "2180"]
[PlyCount "67"]
[EventDate "2005.07.18"]

1. d4 Nf6 2. c4 g6 3. Nc3 d5 4. cxd5 Nxd5 5. Bd2 Nb6 6. Bg5 Bg7 7. Nf3 Nc6 8.
e3 O-O 9. Be2 Be6 10. O-O Nd5 11. Na4 Qd6 12. e4 Nb6 13. Nxb6 axb6 14. d5 Bxb2
15. Rb1 Rxa2 16. Qb3 Rfa8 17. Rxb2 R8a3 18. Qxa2 Rxa2 19. Rxa2 f6 20. Ra8+ Nd8
21. dxe6 fxg5 22. Rd1 Qxe6 23. Raxd8+ Kg7 24. Nxg5 Qf6 25. h4 h6 26. Nf3 Qf4
27. Bc4 Qxe4 28. Rg8+ Kh7 29. Re8 Kg7 30. Bd5 Qa4 31. Rxe7+ Kf8 32. Rf7+ Ke8
33. Re1+ Kd8 34. Bxb7 1-0

[Event "Jugendweltmeisterschaft U16w"]
[Site "Belfort (FRA)"]
[Date "2005.07.23"]
[Round "6"]
[White "Saheli, Nath"]
[Black "Ohme, Melanie"]
[Result "1-0"]
[WhiteElo "2187"]
[BlackElo "2066"]
[PlyCount "63"]
[EventDate "2005.07.18"]

1. e4 c5 2. Nf3 e6 3. d4 cxd4 4. Nxd4 a6 5. c4 Nf6 6. Nc3 d6 7. Be2 Qc7 8. Be3
b6 9. Rc1 Bb7 10. f3 Be7 11. O-O Nbd7 12. b4 O-O 13. Qd2 Rac8 14. Rfd1 Kh8 15.
a3 Rg8 16. Nb3 h6 17. Bf1 g5 18. h3 Rg6 19. Na4 h5 20. c5 dxc5 21. bxc5 g4 22.
cxb6 Qb8 23. Rxc8+ Bxc8 24. hxg4 hxg4 25. f4 Nxe4 26. Qd4+ Nef6 27. Na5 Bb7 28.
Rc1 Bd8 29. Nxb7 Qxb7 30. Nc5 Qd5 31. Nxd7 Qxd7 32. b7 1-0

[Event "Jugendweltmeisterschaft U16w"]
[Site "Belfort (FRA)"]
[Date "2005.07.23"]
[Round "6"]
[White "Shmirina, Evgenija"]
[Black "Leks, Hanna"]
[Result "0-1"]
[WhiteElo "2157"]
[BlackElo "2173"]
[PlyCount "74"]
[EventDate "2005.07.18"]

1. e4 c5 2. Nf3 d6 3. d4 cxd4 4. Nxd4 Nf6 5. Nc3 Nc6 6. Bg5 e6 7. Nb3 a6 8. Qd2
b5 9. f3 h6 10. Be3 Bd7 11. O-O-O Ne5 12. Kb1 b4 13. Ne2 Nc4 14. Qd4 Bb5 15.
Bc1 Qc7 16. Ng3 Rc8 17. Bxc4 Bxc4 18. Be3 a5 19. Rc1 Be7 20. Nd2 d5 21. Nxc4
dxc4 22. Qb6 Qxb6 23. Bxb6 Rc6 24. Bd4 O-O 25. c3 Rb8 26. Kc2 b3+ 27. axb3
cxb3+ 28. Kd2 a4 29. Ke3 Nd7 30. e5 f6 31. exf6 gxf6 32. Kd2 f5 33. f4 Kf7 34.
Ne2 e5 35. Be3 Rd6+ 36. Ke1 Rd3 37. Kf2 Nf6 0-1

[Event "Jugendweltmeisterschaft U16w"]
[Site "Belfort (FRA)"]
[Date "2005.07.23"]
[Round "6"]
[White "Ikonomopoulou, Maria"]
[Black "Fuchs, Judith"]
[Result "1/2-1/2"]
[WhiteElo "2044"]
[BlackElo "1999"]
[PlyCount "45"]
[EventDate "2005.07.18"]

1. e4 c6 2. d4 d5 3. Nc3 dxe4 4. Nxe4 Nf6 5. Nxf6+ exf6 6. Bc4 Qe7+ 7. Be2 Qc7
8. h3 Bd6 9. Nf3 O-O 10. O-O Nd7 11. Be3 Re8 12. c4 c5 13. Rc1 Nf8 14. a3 b6
15. Qc2 Ng6 16. Bd3 Kh8 17. Be4 Rb8 18. Rfe1 Bd7 19. Bd5 Be6 20. Be4 Bd7 21.
Rcd1 Rbd8 22. b4 Bc6 23. Nd2 1/2-1/2

[Event "Jugendweltmeisterschaft U16w"]
[Site "Belfort (FRA)"]
[Date "2005.07.23"]
[Round "6"]
[White "Laurens, Julia"]
[Black "Laake, Jasmin"]
[Result "0-1"]
[WhiteElo "2034"]
[BlackElo "1936"]
[PlyCount "62"]
[EventDate "2005.07.18"]

1. d4 Nf6 2. c4 g6 3. Nc3 Bg7 4. e4 d6 5. f3 O-O 6. Bg5 c5 7. d5 Na6 8. Nge2
Bd7 9. Qd2 Nc7 10. a4 b6 11. g4 a6 12. Ng3 b5 13. h4 Qb8 14. h5 bxc4 15. Rh2
Qb4 16. Bh6 Nfe8 17. g5 Bxh6 18. gxh6 Rb8 19. Qg5 Kh8 20. hxg6 fxg6 21. Rd2 e6
22. dxe6 Bxe6 23. e5 Nd5 24. exd6 Nef6 25. Nxd5 Bxd5 26. Be2 c3 27. bxc3 Qxc3
28. Rad1 Bxf3 29. Bxf3 Qxf3 30. Rf2 Qxf2+ 31. Kxf2 Ne4+ 0-1

[Event "Jugendweltmeisterschaft U14w"]
[Site "Belfort (FRA)"]
[Date "2005.07.23"]
[Round "6"]
[White "Deur, Zrinka"]
[Black "Winkelmann, Elena"]
[Result "0-1"]
[WhiteElo "1918"]
[BlackElo "2040"]
[PlyCount "56"]
[EventDate "2005.07.18"]

1. e4 c5 2. Nf3 e6 3. d4 cxd4 4. Nxd4 Bc5 5. c3 Qb6 6. f4 Nc6 7. Na3 Nxd4 8.
cxd4 Bxd4 9. Nc4 Qc5 10. e5 f6 11. Qf3 g6 12. Be3 Bxe3 13. Qxe3 Qxe3+ 14. Nxe3
fxe5 15. fxe5 Ne7 16. Nc4 Nc6 17. O-O-O b6 18. Nd6+ Ke7 19. Re1 Nxe5 20. Rxe5
Kxd6 21. Re3 Bb7 22. Rg1 Rac8+ 23. Kb1 Rhf8 24. g3 Rf2 25. Re2 Rxe2 26. Bxe2
Be4+ 27. Ka1 Rc2 28. Bb5 Rxh2 0-1

[Event "Jugendweltmeisterschaft U12"]
[Site "Belfort (FRA)"]
[Date "2005.07.23"]
[Round "6"]
[White "Belous, Vladimir"]
[Black "Zelbel, Patrick"]
[Result "1-0"]
[WhiteElo "2218"]
[BlackElo "1927"]
[PlyCount "95"]
[EventDate "2005.07.18"]

1. c4 e5 2. Nc3 Nc6 3. g3 g6 4. Bg2 Bg7 5. e3 d6 6. Nge2 Nge7 7. O-O O-O 8. Rb1
Be6 9. b3 Qc8 10. Ba3 Bh3 11. b4 Bxg2 12. Kxg2 f5 13. b5 Nd8 14. c5 Qe6 15.
cxd6 cxd6 16. Qb3 Qxb3 17. Rxb3 Nf7 18. f4 e4 19. Rd1 Rfc8 20. d3 Bxc3 21. Nxc3
Rxc3 22. Rxc3 Nd5 23. Rdc1 Nxc3 24. Rxc3 exd3 25. Kf2 Re8 26. Rxd3 Rd8 27. Rc3
Rd7 28. Bb4 Kg7 29. a4 d5 30. Ke2 Nh6 31. a5 Ng4 32. Bc5 Nf6 33. Bxa7 Ne4 34.
Bd4+ Kf7 35. Rc2 Nd6 36. Rb2 Rd8 37. a6 Nc4 38. Ra2 bxa6 39. bxa6 Ra8 40. a7
Ke7 41. Ra4 Kd7 42. Rb4 Kc7 43. Rb5 Nd6 44. Rxd5 Kc6 45. Rc5+ Kb7 46. Ra5 Kc6
47. Ra6+ Kc7 48. Be5 1-0

[Event "Jugendweltmeisterschaft U12"]
[Site "Belfort (FRA)"]
[Date "2005.07.23"]
[Round "6"]
[White "Corlatescu, Dragos"]
[Black "Graf, Felix"]
[Result "0-1"]
[WhiteElo "1928"]
[BlackElo "2168"]
[PlyCount "72"]
[EventDate "2005.07.18"]

1. e4 e6 2. d4 d5 3. exd5 exd5 4. Bd3 Bd6 5. Qf3 Nc6 6. c3 Nge7 7. Ne2 Be6 8.
Bf4 Ng6 9. Bxd6 Qxd6 10. Nd2 O-O-O 11. O-O-O Nce7 12. Nb3 b6 13. Qg3 Bf5 14.
Bxf5+ Nxf5 15. Qh3 Qd7 16. Qd3 Nd6 17. f3 Rde8 18. Ng3 Nf4 19. Qa6+ Kb8 20. a4
Nxg2 21. Kb1 h5 22. Ka2 Ne3 23. Ra1 h4 24. Nf1 Nec4 25. Nfd2 Re2 26. Rhd1 Rhe8
27. h3 g5 28. Rac1 Qxh3 29. a5 Qd7 30. axb6 cxb6 31. Ra1 h3 32. Kb1 Nxd2+ 33.
Nxd2 h2 34. Kc2 Nc4 35. b3 Rxd2+ 36. Rxd2 Qf5+ 0-1

[Event "Jugendweltmeisterschaft U12w"]
[Site "Belfort (FRA)"]
[Date "2005.07.23"]
[Round "6"]
[White "Danelia, Mariam"]
[Black "Endress, Anna"]
[Result "1/2-1/2"]
[WhiteElo "1991"]
[BlackElo "1599"]
[PlyCount "92"]
[EventDate "2005.07.18"]

1. d4 d5 2. c4 e6 3. g3 Nf6 4. Nf3 Bb4+ 5. Bd2 Be7 6. Bg2 c6 7. O-O O-O 8. Qc2
b6 9. cxd5 cxd5 10. Rc1 Ba6 11. Bf4 Nbd7 12. Bc7 Qc8 13. Bf1 Qb7 14. Qc6 Qxc6
15. Rxc6 Rac8 16. Nbd2 Bb7 17. Rc2 Ne8 18. Rac1 Bd6 19. Bxd6 Nxd6 20. Rc7 Nf6
21. Ne5 Rxc7 22. Rxc7 Rc8 23. Rxc8+ Nxc8 24. f3 Ne7 25. Kf2 Nc6 26. e3 Kf8 27.
Bb5 Nb8 28. a3 Ke7 29. Ke2 Nbd7 30. Nxd7 Nxd7 31. e4 dxe4 32. fxe4 Nf6 33. Kf3
h6 34. h3 g6 35. Bd3 Bc6 36. b3 Bb7 37. Ke3 Nh5 38. g4 Nf6 39. Nf3 g5 40. b4
Bc6 41. b5 Bb7 42. Ne5 Ne8 43. Nc4 Nd6 44. Nxd6 Kxd6 45. e5+ Ke7 46. Be4 Bd5
1/2-1/2

[Event "Jugendweltmeisterschaft U12w"]
[Site "Belfort (FRA)"]
[Date "2005.07.23"]
[Round "6"]
[White "Petrova, Olga"]
[Black "Smolkina, Milana"]
[Result "1-0"]
[WhiteElo "1599"]
[BlackElo "1732"]
[PlyCount "53"]
[EventDate "2005.07.18"]

1. e4 c5 2. Nf3 d6 3. d4 cxd4 4. Nxd4 Nf6 5. Nc3 g6 6. Be2 Bg7 7. Be3 O-O 8.
Nb3 Nc6 9. O-O Be6 10. f4 Na5 11. f5 Bc4 12. Nd2 Rc8 13. Nxc4 Nxc4 14. Bxc4
Rxc4 15. Qd3 Rc6 16. Nb5 a6 17. Nd4 Rc7 18. Kh1 Ng4 19. Bg1 Ne5 20. Qd1 Qd7 21.
c3 g5 22. Qh5 h6 23. Rad1 b5 24. f6 Bxf6 25. Rxf6 exf6 26. Qxh6 Ng6 27. Nf5 1-0

[Event "Jugendweltmeisterschaft U10"]
[Site "Belfort (FRA)"]
[Date "2005.07.23"]
[Round "6"]
[White "Scerbina, Yevgen"]
[Black "Kaphle, Sebastian"]
[Result "1-0"]
[WhiteElo "1599"]
[BlackElo "1944"]
[PlyCount "55"]
[EventDate "2005.07.18"]

1. e4 c5 2. Nf3 Nc6 3. Bb5 g6 4. O-O Bg7 5. c3 d5 6. e5 Bg4 7. Re1 e6 8. d3
Nge7 9. h3 Bxf3 10. Qxf3 O-O 11. Bxc6 Nxc6 12. Qg3 Rc8 13. Nd2 b5 14. Nf3 d4
15. c4 bxc4 16. dxc4 Nb4 17. Bg5 Qb6 18. Re4 Rc7 19. Rh4 Rb8 20. Bf6 Nc2 21.
Rf1 Qxb2 22. Qg5 Qb7 23. Bxg7 Kxg7 24. Qh6+ Kg8 25. Qxh7+ Kf8 26. Qh8+ Ke7 27.
Qf6+ Ke8 28. Rh8+ 1-0

[Event "Jugendweltmeisterschaft U10"]
[Site "Belfort (FRA)"]
[Date "2005.07.23"]
[Round "6"]
[White "Zier, Oliver"]
[Black "Ton-That, Nicolas"]
[Result "0-1"]
[WhiteElo "1821"]
[BlackElo "1599"]
[PlyCount "58"]
[EventDate "2005.07.18"]

1. d4 Nf6 2. c4 e5 3. dxe5 Ng4 4. Bf4 g5 5. Bg3 Nc6 6. Nf3 Bg7 7. Nc3 Ngxe5 8.
Nxe5 Nxe5 9. e4 d6 10. Be2 Be6 11. Qc2 Qd7 12. Nd5 c6 13. Ne3 O-O-O 14. Rd1 Qc7
15. c5 Qa5+ 16. Qd2 Qxd2+ 17. Rxd2 dxc5 18. b3 Rxd2 19. Kxd2 Rd8+ 20. Kc2 Rd4
21. f3 g4 22. Rd1 gxf3 23. gxf3 Rxd1 24. Bxd1 Bh6 25. Ng2 Ng6 26. f4 f5 27. e5
Bd5 28. Ne3 Be4+ 29. Kc3 Nxf4 0-1

[Event "Jugendweltmeisterschaft U10"]
[Site "Belfort (FRA)"]
[Date "2005.07.23"]
[Round "6"]
[White "Xu, Xianliang"]
[Black "Beradze, Irakli"]
[Result "1/2-1/2"]
[WhiteElo "1599"]
[BlackElo "1599"]
[PlyCount "45"]
[EventDate "2005.07.18"]

1. c4 e6 2. Nf3 d5 3. g3 Nf6 4. Bg2 Be7 5. O-O O-O 6. b3 b6 7. Bb2 Bb7 8. d3
Nbd7 9. Nbd2 c5 10. Rc1 Rc8 11. Rc2 Qc7 12. Qa1 Qb8 13. d4 Rfd8 14. Rfc1 Qa8
15. cxd5 exd5 16. dxc5 Nxc5 17. Qb1 Ne6 18. Rxc8 Rxc8 19. Rxc8+ Qxc8 20. Qc1
Qa8 21. Nd4 Ne4 22. Nxe4 dxe4 23. e3 1/2-1/2

[Event "Jugendweltmeisterschaft U18"]
[Site "Belfort (FRA)"]
[Date "2005.07.25"]
[Round "7"]
[White "Pashikian, Arman"]
[Black "Braun, Arik"]
[Result "1-0"]
[WhiteElo "2442"]
[BlackElo "2475"]
[PlyCount "49"]
[EventDate "2005.07.18"]

1. d4 Nf6 2. c4 g6 3. Nc3 d5 4. cxd5 Nxd5 5. e4 Nxc3 6. bxc3 Bg7 7. Be3 c5 8.
Qd2 O-O 9. Nf3 Qa5 10. Rc1 cxd4 11. cxd4 Qxd2+ 12. Bxd2 b6 13. Bb4 Na6 14. Ba3
Bb7 15. Bd3 Rfc8 16. Ke2 e6 17. g4 Rd8 18. Bb5 f5 19. gxf5 gxf5 20. Rhg1 Kh8
21. Ng5 Rxd4 22. Bb2 Rxe4+ 23. Nxe4 Bxb2 24. Nd6 Rb8 25. Rb1 1-0

[Event "Jugendweltmeisterschaft U18"]
[Site "Belfort (FRA)"]
[Date "2005.07.25"]
[Round "7"]
[White "Meier, Georg"]
[Black "Astaneh Lopez, Alex"]
[Result "0-1"]
[WhiteElo "2437"]
[BlackElo "2304"]
[PlyCount "94"]
[EventDate "2005.07.18"]

1. e4 c5 2. Nf3 d6 3. Bb5+ Nd7 4. d4 Ngf6 5. Nc3 cxd4 6. Qxd4 e5 7. Qd3 h6 8.
Be3 Be7 9. Bc4 O-O 10. O-O a6 11. a4 Qc7 12. Rfd1 Nc5 13. Bxc5 Qxc5 14. Nd5
Nxd5 15. Bxd5 Rb8 16. a5 b5 17. Qb3 Bb7 18. c3 b4 19. Bxb7 Rxb7 20. Rd5 Qc6 21.
c4 Rc8 22. Nd2 Bg5 23. Nf3 Be7 24. Nd2 Bg5 25. g3 Bxd2 26. Rxd2 Qxe4 27. Rxd6
Rxc4 28. Rxa6 Rd7 29. Rf1 Rd2 30. Rb6 Rcc2 31. Rb8+ Kh7 32. Qe3 Qxe3 33. fxe3
Re2 34. Rxf7 Rg2+ 35. Kf1 Rxh2 36. Kg1 Rcg2+ 37. Kf1 Rxb2 38. Kg1 Rbg2+ 39. Kf1
Ra2 40. Kg1 Rhg2+ 41. Kf1 Rgb2 42. Kg1 Kg6 43. Rbb7 Kh5 44. Rb5 g5 45. Rxe5
Rb1+ 46. Rf1 Rxf1+ 47. Kxf1 b3 0-1

[Event "Jugendweltmeisterschaft U18w"]
[Site "Belfort (FRA)"]
[Date "2005.07.25"]
[Round "7"]
[White "Hoolt, Sarah"]
[Black "Swaminathan, Soumya"]
[Result "1-0"]
[WhiteElo "2127"]
[BlackElo "2166"]
[PlyCount "74"]
[EventDate "2005.07.18"]

1. e4 c5 2. Nf3 d6 3. d4 cxd4 4. Nxd4 Nf6 5. Nc3 a6 6. g3 b5 7. Bg2 Bb7 8. a3
e6 9. g4 Nfd7 10. O-O h5 11. g5 g6 12. Nde2 Nc6 13. f4 Qb6+ 14. Kh1 O-O-O 15.
b4 Qc7 16. a4 Bg7 17. axb5 Nxb4 18. Bd2 a5 19. b6 Qxb6 20. Na4 Qc7 21. c3 Nc6
22. Be3 Nc5 23. Qb1 Nxa4 24. Rxa4 Qb8 25. Bb6 Rd7 26. Nd4 Bxd4 27. cxd4 d5 28.
e5 Qa8 29. Rc1 Kb8 30. Bf1 Rc8 31. Bb5 Re7 32. Bc5 Rd7 33. Bd6+ Rxd6 34. exd6
Nd8 35. Ra2 Rxc1+ 36. Qxc1 Bc6 37. Rc2 Bb7 1-0

[Event "Jugendweltmeisterschaft U18w"]
[Site "Belfort (FRA)"]
[Date "2005.07.25"]
[Round "7"]
[White "Ergasheva, Sarvinos"]
[Black "Gusakovskaya, Yana"]
[Result "1-0"]
[WhiteElo "1954"]
[BlackElo "2085"]
[PlyCount "165"]
[EventDate "2005.07.18"]

1. d4 d5 2. c4 e5 3. dxe5 d4 4. Nf3 Nc6 5. g3 Nge7 6. Bg2 Ng6 7. O-O Ngxe5 8.
Nbd2 Be7 9. b3 O-O 10. Bb2 Bg4 11. h3 Bf5 12. g4 Bc8 13. Nxe5 Nxe5 14. f4 Nc6
15. a3 a5 16. Nf3 Bc5 17. Kh1 Re8 18. Ng5 h6 19. Ne4 Rxe4 20. Bxe4 Qh4 21. Qd3
Bxg4 22. Rg1 Bxh3 23. Qg3 Qxg3 24. Rxg3 Bd7 25. Rag1 Bf8 26. e3 Re8 27. Bd5
Rxe3 28. Rxe3 dxe3 29. Kg2 Bg4 30. Bf3 Bf5 31. Bxc6 bxc6 32. Kf3 Bc2 33. b4
axb4 34. axb4 g6 35. Kxe3 Bxb4 36. Ra1 g5 37. fxg5 hxg5 38. Bf6 Bc5+ 39. Kd2
Bf5 40. Bxg5 Bd4 41. Rf1 Bg6 42. Bf4 c5 43. Bxc7 Kg7 44. Rf3 f5 45. Ra3 Bf7 46.
Kd3 Bg6 47. Bf4 Bh5 48. Ra7+ Kg6 49. Ra6+ Kf7 50. Be3 Bxe3 51. Kxe3 Ke7 52. Rc6
Bf7 53. Rxc5 Kd6 54. Kd4 Be6 55. Ra5 Bc8 56. Ra1 Bb7 57. Rf1 Be4 58. Rg1 Kd7
59. Rg7+ Kc6 60. Rf7 Kd6 61. c5+ Kc6 62. Rf6+ Kc7 63. Kc4 Kd7 64. Rd6+ Kc7 65.
Rd4 Bf3 66. Kb4 Be2 67. Rd6 f4 68. Rf6 f3 69. Kc3 Kd7 70. Kd4 Bd1 71. Ke5 Kc7
72. Kd4 Kd7 73. c6+ Kc7 74. Kc5 Be2 75. Rf7+ Kd8 76. Kd6 Ke8 77. Rf4 Ba6 78.
Rxf3 Bc8 79. Kc7 Bg4 80. Re3+ Kf7 81. Kd8 Kf6 82. c7 Kg5 83. c8=Q 1-0

[Event "Jugendweltmeisterschaft U16"]
[Site "Belfort (FRA)"]
[Date "2005.07.25"]
[Round "7"]
[White "Bindrich, Falko"]
[Black "Goginenni, Rohith"]
[Result "1/2-1/2"]
[WhiteElo "2391"]
[BlackElo "2387"]
[PlyCount "94"]
[EventDate "2005.07.18"]

1. e4 c5 2. Nf3 d6 3. d4 cxd4 4. Nxd4 Nf6 5. Nc3 Nc6 6. Bg5 e6 7. Qd2 a6 8.
O-O-O Be7 9. f3 Nxd4 10. Qxd4 b5 11. h4 Bb7 12. Qd2 Rc8 13. Ne2 Qc7 14. Nd4 h6
15. Be3 Nd7 16. Kb1 d5 17. exd5 Bxd5 18. Bf4 Qc5 19. c3 Nb6 20. Nb3 Nc4 21. Qe1
Qc6 22. Bxc4 Qxc4 23. Rd4 Qc6 24. Qe3 Bxb3 25. axb3 Bc5 26. Rhd1 Bxd4 27. Rxd4
O-O 28. Bxh6 f6 29. Qd3 Rc7 30. Be3 Qe8 31. g4 Rc8 32. g5 e5 33. Rd6 Rd8 34.
Bc5 Rxd6 35. Bxd6 Rf7 36. g6 Rd7 37. c4 Qe6 38. c5 f5 39. h5 Rd8 40. Qe3 e4 41.
f4 Qd5 42. Kc2 Rc8 43. Qc3 Re8 44. Qd2 Qc6 45. Qe3 Qd5 46. Qd2 Qc6 47. Qe3 Qd5
1/2-1/2

[Event "Jugendweltmeisterschaft U16"]
[Site "Belfort (FRA)"]
[Date "2005.07.25"]
[Round "7"]
[White "Olszewski, Michal"]
[Black "Brener, Ilja"]
[Result "1-0"]
[WhiteElo "2399"]
[BlackElo "2316"]
[PlyCount "59"]
[EventDate "2005.07.18"]

1. e4 c5 2. Nf3 Nc6 3. d4 cxd4 4. Nxd4 Nf6 5. Nc3 e5 6. Ndb5 d6 7. Bg5 a6 8.
Na3 b5 9. Nd5 Be7 10. Bxf6 Bxf6 11. c3 O-O 12. Nc2 Bg5 13. a4 bxa4 14. Rxa4 a5
15. Bc4 Rb8 16. Ra2 Kh8 17. Nce3 g6 18. h4 Bxh4 19. g3 Bf6 20. b3 Bg7 21. f4
exf4 22. gxf4 Kg8 23. Rah2 h6 24. Qd2 Be6 25. Rxh6 Ne7 26. Qh2 f6 27. Nxe7+ Kf7
28. Rxg6 Rh8 29. Rxg7+ Kxg7 30. Qg3+ 1-0

[Event "Jugendweltmeisterschaft U16"]
[Site "Belfort (FRA)"]
[Date "2005.07.25"]
[Round "7"]
[White "Brunello, Sabino"]
[Black "Rehberg, Raphael"]
[Result "1-0"]
[WhiteElo "2373"]
[BlackElo "2233"]
[PlyCount "33"]
[EventDate "2005.07.18"]

1. e4 c5 2. Nf3 e6 3. d4 cxd4 4. Nxd4 a6 5. Nc3 b5 6. Bd3 Qb6 7. Nb3 Qc7 8. a4
b4 9. Ne2 d6 10. c3 Nf6 11. cxb4 d5 12. exd5 Bxb4+ 13. Bd2 Nxd5 14. Rc1 Qd8 15.
Bxb4 Nxb4 16. Be4 Qxd1+ 17. Kxd1 1-0

[Event "Jugendweltmeisterschaft U16w"]
[Site "Belfort (FRA)"]
[Date "2005.07.25"]
[Round "7"]
[White "Rakic, Marija"]
[Black "Shmirina, Evgenija"]
[Result "1-0"]
[WhiteElo "2057"]
[BlackElo "2157"]
[PlyCount "105"]
[EventDate "2005.07.18"]

1. d4 f5 2. c4 e6 3. Nf3 Nf6 4. g3 d5 5. Bg2 c6 6. Nbd2 Bd6 7. Qc2 O-O 8. O-O
Ne4 9. Ne1 Nxd2 10. Bxd2 Nd7 11. Nd3 Nf6 12. Bf4 Be7 13. Rad1 Bd7 14. h4 Qe8
15. b3 Qd8 16. Qc1 Be8 17. Be5 Bd6 18. Qf4 Bxe5 19. Nxe5 Ne4 20. Bxe4 fxe4 21.
Qe3 Bh5 22. Kg2 Qd6 23. c5 Qe7 24. f3 exf3+ 25. exf3 Rae8 26. Rde1 Bf7 27. Rh1
Qc7 28. Rc1 Rc8 29. h5 h6 30. g4 Qe7 31. f4 Rc7 32. g5 Be8 33. Qg3 hxg5 34.
fxg5 Rf5 35. Nf3 b6 36. b4 bxc5 37. bxc5 Rb7 38. Rc2 Rb4 39. h6 Bg6 40. h7+
Bxh7 41. g6 Bxg6 42. Qxg6 Rxd4 43. Rb2 Rdf4 44. Rb8+ Rf8 45. Qh7+ Kf7 46. Ne5+
Kf6 47. Rxf8+ Kxe5 48. Rh5+ Rf5 49. Rhxf5+ exf5 50. Qxf5+ Kd4 51. Qf2+ Kc4 52.
Rf4+ Kb5 53. Qb2+ 1-0

[Event "Jugendweltmeisterschaft U16w"]
[Site "Belfort (FRA)"]
[Date "2005.07.25"]
[Round "7"]
[White "Ohme, Melanie"]
[Black "Batzaya, Yanjav"]
[Result "1/2-1/2"]
[WhiteElo "2066"]
[BlackElo "1908"]
[PlyCount "179"]
[EventDate "2005.07.18"]

1. e4 e6 2. d4 d5 3. Nc3 Nf6 4. Bg5 Be7 5. e5 Nfd7 6. Be3 c5 7. f4 O-O 8. Nf3
Nc6 9. Bd3 f6 10. dxc5 fxe5 11. fxe5 Kh8 12. O-O Bxc5 13. Bxc5 Nxc5 14. Qd2 Bd7
15. Ng5 Qb6 16. Kh1 Nxe5 17. Bxh7 Rf6 18. Qe2 Raf8 19. Rxf6 gxf6 20. Qh5 Kg7
21. Rf1 Be8 22. Qh4 Ng6 23. Bxg6 Bxg6 24. Nh3 Qxb2 25. Qg3 d4 26. Nf4 Qxc2 27.
Nxg6 Qxg6 28. Qc7+ Rf7 29. Qxc5 dxc3 30. Qxc3 e5 31. h4 e4 32. Qh3 f5 33. Qc3+
Kh7 34. Rf4 Rg7 35. Qh3 Rf7 36. Qe3 Qe6 37. Qe2 Qe5 38. Qh5+ Kg8 39. Qg5+ Kf8
40. h5 Qf6 41. Qg3 Rg7 42. Qh3 Rg5 43. h6 Kg8 44. Qb3+ Kh7 45. Rh4 Qe7 46. Qe3
Rxg2 47. Qf4 Rg5 48. Rh3 b6 49. Kh2 a5 50. a4 Qd8 51. Rh4 Qe7 52. Rh3 Rg6 53.
Rh5 Qd6 54. Rxf5 Rxh6+ 55. Kg2 Qxf4 56. Rxf4 Re6 57. Kf2 e3+ 58. Ke2 Kg6 59.
Rf3 Re4 60. Rxe3 Rb4 61. Re6+ Kf5 62. Rh6 Ke4 63. Kd2 Kd4 64. Rh3 Kc4 65. Ra3
Rb2+ 66. Kc1 Rh2 67. Rg3 Ra2 68. Rg6 Kc5 69. Rg4 Re2 70. Rh4 Kd5 71. Rh6 Kc5
72. Rh4 Re5 73. Kc2 Rd5 74. Kc3 Re5 75. Rc4+ Kd5 76. Rd4+ Kc6 77. Rh4 b5 78.
axb5+ Kxb5 79. Kb3 Rd5 80. Rg4 Rd3+ 81. Ka2 a4 82. Rh4 Rb3 83. Rg4 Re3 84. Rh4
Re2+ 85. Ka3 Re3+ 86. Ka2 a3 87. Rg4 Ka5 88. Rh4 Kb5 89. Rg4 Ka5 90. Rh4
1/2-1/2

[Event "Jugendweltmeisterschaft U16w"]
[Site "Belfort (FRA)"]
[Date "2005.07.25"]
[Round "7"]
[White "Laake, Jasmin"]
[Black "Zapata, Talia"]
[Result "1-0"]
[WhiteElo "1936"]
[BlackElo "2152"]
[PlyCount "85"]
[EventDate "2005.07.18"]

1. e4 c5 2. Nf3 d6 3. d4 cxd4 4. Nxd4 Nf6 5. Nc3 a6 6. Be3 e6 7. f3 Qc7 8. g4
Nc6 9. Qd2 b5 10. O-O-O Bb7 11. Kb1 Rc8 12. h4 Nd7 13. Rg1 Nb6 14. Nxc6 Qxc6
15. Bd3 Nc4 16. Bxc4 Qxc4 17. Bf4 Rd8 18. Bg5 Rc8 19. Rge1 h6 20. Bf4 Rd8 21.
Bg3 Be7 22. g5 d5 23. g6 O-O 24. Qf4 Bd6 25. Qg4 f5 26. Qh3 Bxg3 27. Qxg3 dxe4
28. Rxd8 Rxd8 29. fxe4 b4 30. exf5 bxc3 31. fxe6 Qxe6 32. a3 Qc4 33. Qe5 Bc6
34. b3 Qxh4 35. Qe6+ Kh8 36. Re3 Qd4 37. Rd3 Qb6 38. Qxc6 Qa5 39. Qxc3 Qb6 40.
Qc6 Qb8 41. Qxa6 Rf8 42. Qd6 Qe8 43. a4 1-0

[Event "Jugendweltmeisterschaft U16w"]
[Site "Belfort (FRA)"]
[Date "2005.07.25"]
[Round "7"]
[White "Fuchs, Judith"]
[Black "Umudova, Nargiz"]
[Result "1/2-1/2"]
[WhiteElo "1999"]
[BlackElo "2121"]
[PlyCount "73"]
[EventDate "2005.07.18"]

1. e4 c6 2. d4 d5 3. exd5 cxd5 4. c4 Nf6 5. Nc3 g6 6. Qb3 Bg7 7. cxd5 O-O 8.
Nge2 Nbd7 9. g3 Nb6 10. Bg2 a5 11. a4 Qd6 12. O-O Bf5 13. Nb5 Qd7 14. d6 exd6
15. Bf4 Be6 16. Qd1 d5 17. Rc1 Rac8 18. Bc7 Na8 19. Bxa5 Rxc1 20. Nxc1 Rc8 21.
Nd3 b6 22. Bb4 Ne8 23. Nf4 Nac7 24. Nxc7 Nxc7 25. b3 Bf5 26. Re1 Bh6 27. Nd3
Ne6 28. Ne5 Qd8 29. Ng4 Bg7 30. Ne3 Nxd4 31. Nxd5 Nc6 32. Ne7+ Nxe7 33. Qxd8+
Rxd8 34. Bxe7 Rd3 35. Be4 Bxe4 36. Rxe4 Rxb3 37. Kg2 1/2-1/2

[Event "Jugendweltmeisterschaft U14"]
[Site "Belfort (FRA)"]
[Date "2005.07.25"]
[Round "7"]
[White "Huschenbeth, Niclas"]
[Black "Cabrera Trujillo, Jorge"]
[Result "1-0"]
[WhiteElo "2180"]
[BlackElo "2059"]
[PlyCount "43"]
[EventDate "2005.07.18"]

1. e4 c5 2. Nf3 d6 3. d4 cxd4 4. Nxd4 Nf6 5. Nc3 g6 6. Be3 Bg7 7. f3 O-O 8. Qd2
Nc6 9. O-O-O d5 10. Nxc6 bxc6 11. exd5 cxd5 12. h4 h5 13. Bd4 Be6 14. g4 hxg4
15. h5 gxh5 16. Qg5 Qa5 17. Ne4 Qd8 18. Nxf6+ exf6 19. Qxh5 Re8 20. Qh7+ Kf8
21. Bc5+ Re7 22. Qh8+ 1-0